Jackarandy /

Saved in:
Bibliografiske detaljer
Hovedforfatter: Madigan, Leo (Author)
Format: Bog
Sprog:engelsk
Udgivet: London : Quartet Books, 1973
Tags: Tilføj Tag
Ingen Tags, Vær først til at tagge denne postø!

MARC

LEADER 00000nam a22000007i 4500
001 IT\ICCU\UBO\2257113
003 ItRI
005 20260115231820.0
008 030725s1973 xxk|||||| ||||| |||||c
020 |a 0704310252 
040 |b ita  |c importazione bologna sebina 
041 7 |a eng  |2 ISO-639-2 
100 1 |a Madigan, Leo  |0 IT\ICCU\UBOV\816460  |4 aut 
245 1 0 |a Jackarandy /  |c Leo Madigan. 
260 |a London :  |b Quartet Books,  |c 1973 
300 |a 165 p. ;  |c 18 cm. 
942 |2 ddc  |c BK  |n 0 
952 |0 0  |1 0  |4 0  |6 DOC_823_914000000000000_MAD  |7 0  |9 13367  |a BO  |b BO  |d 2026-01-15  |i 3451  |l 0  |o DOC 823.914 MAD  |p BO3451  |r 2026-01-15 23:18:20  |w 2026-01-15  |x [Sebina 5] [1 v.]  |y BK  |z 1 v. 
952 |0 0  |1 0  |4 0  |6 DOC_823_914000000000000_MAD  |7 0  |9 13368  |a BO  |b BO  |d 2026-01-15  |i 7539  |l 0  |o DOC 823.914 MAD  |p BO7539  |r 2026-01-15 23:18:20  |w 2026-01-15  |x [Sebina 5] [1 v.]  |y BK  |z 1 v. 
999 |c 11484  |d 11484